Delacroix pastels / (Record no. 26881)

000 -LEADER
fixed length control field 00972pam a2200265 a 4500
001 - CONTROL NUMBER
control field 1142353
003 - CONTROL NUMBER IDENTIFIER
control field OSt
005 - DATE AND TIME OF LATEST TRANSACTION
control field 20170207084412.0
008 - FIXED-LENGTH DATA ELEMENTS--GENERAL INFORMATION
fixed length control field 950209s1995 nyua b 000 0 eng
010 ## - LIBRARY OF CONGRESS CONTROL NUMBER
LC control number 95009675
020 ## - INTERNATIONAL STANDARD BOOK NUMBER
International Standard Book Number 0807613959
040 ## - CATALOGING SOURCE
Original cataloging agency DLC
Transcribing agency DLC
Modifying agency DLC
050 00 - LIBRARY OF CONGRESS CALL NUMBER
Classification number NC248.D4
Item number J65 1995
082 00 - DEWEY DECIMAL CLASSIFICATION NUMBER
Classification number 741/.092
Edition number 20
100 1# - MAIN ENTRY--PERSONAL NAME
Personal name Johnson, Lee,
Dates associated with a name 1924-2006.
245 10 - TITLE STATEMENT
Title Delacroix pastels /
Statement of responsibility, etc. Lee Johnson.
250 ## - EDITION STATEMENT
Edition statement 1st ed.
260 ## - PUBLICATION, DISTRIBUTION, ETC. (IMPRINT)
Place of publication, distribution, etc. New York :
Name of publisher, distributor, etc. George Braziller,
Date of publication, distribution, etc. 1995.
300 ## - PHYSICAL DESCRIPTION
Extent 191 p. :
Other physical details ill. (some col.) ;
Dimensions 31 cm.
504 ## - BIBLIOGRAPHY, ETC. NOTE
Bibliography, etc Includes bibliographical references (p. 169-172).
600 10 - SUBJECT ADDED ENTRY--PERSONAL NAME
Personal name Delacroix, Eugène,
Dates associated with a name 1798-1863
General subdivision Criticism and interpretation.
906 ## - LOCAL DATA ELEMENT F, LDF (RLIN)
a 7
b cbc
c orignew
d 1
e ocip
f 19
g y-gencatlg
942 ## - ADDED ENTRY ELEMENTS (KOHA)
Source of classification or shelving scheme
Koha item type Hard Covered Materials
Classification part NC 248 .D4J65 1995
Holdings
Withdrawn status Lost status Source of classification or shelving scheme Damaged status Not for loan Home library Current library Shelving location Date acquired Source of acquisition Total Checkouts Full call number Barcode Date last seen Price effective from Koha item type
          MACHAKOS UNIVERSITY LIBRARY MACHAKOS UNIVERSITY LIBRARY Technical section 07/02/2017 Donation(B.F.A)   NC 248 .D4J65 1995 34602 07/08/2018 07/02/2017 Hard Covered Materials
© Machakos University Library, Along The Highway, Machakos Wote Rd, Machakos, Kenya P.O. Box 136 - 90100 Machakos - Kenya

Tel: ( +254 ) 723 805829 OR Fax : 044-20353 OR Email: library@mksu.ac.ke